02065cam a22003854i 4500003000900000005001700009008004100026035002000067040003300087100004300120245020000163264001000363300004000373336002100413337002500434338002300459502005800482504002400540520089600564526001001460526001001470526000901480526000901489526000901498526000901507526000901516526000901525526000901534526000801543526000801551526000801559526000801567526000801575650009601583PE-LiUPU20250731165407.0151014s2014 pe a grm 000 0 spa d a(Sirsi) a154873 aPE-LiUPUbspacPE-LiUPUerda1 aRamírez Guerra, Rosa Mercedeseautor1 aClima social familiar y su relación con las estrategias de afrontamiento de los estudiantes de la Universidad Peruana Unión filial Tarapoto en el año 2013 /cRosa Mercedes Ramírez Guerra. 0c2014. a125 hojas : bilustraciones;c30 cm atext2rdacontent aunmediated2rdamedia avolume2rdacarrier aTesisb(Mg.) -- cUniversidad Peruana Unión,d2014. aIncluye referencias3 aEl propósito del presente estudio es buscar la relación que existe entre el clima familiar y las estrategias de afrontamiento en los alumnos de la Universidad Peruana Unión filial Tarapoto. El estudio de corte transversal y de tipo correlacional, se llevó a cabo en una muestra de 274 estudiantes comprendidos entre los 16 y 21 años. Los instrumentos usados fueron la Escala de Clima Social Familiar de Moos (FES), Y EL Cuestionario de afrontamiento COPE-28. Los resultados obtenidos demuestran que cuando el clima social familiar en las relaciones familiares y en el desarrollo familiar es negativo tiende a incrementarse las estrategias de afrontamiento no adaptativo tales como el consumo de sustancias, desconexión conductual, desahogo emocional y búsqueda de apoyo social emocional; la dimensión estabilidad familiar no se relaciona con las estrategias de afrontamiento. aSEG44 aSEG26 aP151 aP150 aP149 aP146 aP145 aP126 aP125 aP92 aP75 aP74 aP27 aP1504aUniversidad Peruana Unión (Tarapoto)xRelaciones familiaresxAdaptación (Psicología).